Lalon Shah and lyrics of the Padma / (Record no. 23731)

MARC details
000 -LEADER
fixed length control field 00703cam a2200253 4500
001 - CONTROL NUMBER
control field 3120527
003 - CONTROL NUMBER IDENTIFIER
control field BDDh-ASL
005 - DATE AND TIME OF LATEST TRANSACTION
control field 20231015030259.0
008 - FIXED-LENGTH DATA ELEMENTS--GENERAL INFORMATION
fixed length control field 691014s1968 pk 000 0 eng
010 ## - LIBRARY OF CONGRESS CONTROL NUMBER
LC control number sa 68012196
025 ## - OVERSEAS ACQUISITION NUMBER
Overseas acquisition number PL480:EP-E-474
040 ## - CATALOGING SOURCE
Original cataloging agency DLC
Transcribing agency DLC
Modifying agency DLC
-- BDDh-ASL
050 00 - LIBRARY OF CONGRESS CALL NUMBER
Classification number PK1718.L35
Item number Z9
082 ## - DEWEY DECIMAL CLASSIFICATION NUMBER
Classification number 922
Item number TOL
100 1# - MAIN ENTRY--PERSONAL NAME
Personal name Tofayell, Z. A.,
Dates associated with a name 1936-
245 10 - TITLE STATEMENT
Title Lalon Shah and lyrics of the Padma /
Statement of responsibility, etc. by Z. A. Tofayell.
250 ## - EDITION STATEMENT
Edition statement [1st ed.
260 ## - PUBLICATION, DISTRIBUTION, ETC.
Place of publication, distribution, etc. Dacca :
Name of publisher, distributor, etc. Ziaunnahar,
Date of publication, distribution, etc. 1968.
300 ## - PHYSICAL DESCRIPTION
Extent 2, 153 p. :
Dimensions 22 cm.
350 ## - PRICE (NR) (BK AM CF MU VM SE) [OBSOLETE]
Price 5.00
600 00 - SUBJECT ADDED ENTRY--PERSONAL NAME
Personal name Lālana Śāha,
Dates associated with a name 1774-1890.
906 ## - LOCAL DATA ELEMENT F, LDF (RLIN)
a 7
b cbc
c orignew
d u
e ncip
f 19
g y-gencatlg
942 ## - ADDED ENTRY ELEMENTS (KOHA)
Source of classification or shelving scheme Dewey Decimal Classification
Koha item type Books
Holdings
Withdrawn status Lost status Source of classification or shelving scheme Damaged status Not for loan Collection code Home library Current library Shelving location Date acquired Source of acquisition Total Checkouts Full call number Barcode Date last seen Copy number Price effective from Koha item type Public note
    Dewey Decimal Classification     Non-fiction Asiatic Society Library Asiatic Society Library General Stacks 04/03/2021 Complementary   922 TOL 108241 04/03/2021 C-1 04/03/2021 Books RARE

Powered by Koha